000 00877nas a2200277 4500
001 BR7702208
003 BR-BrBNA
005 20231205083151.0
007 ta
008 230509b bl.|||p| |||| 00| 00por d
040 _aBR-BrBNA
_bpor
_cBiblioteca Nacional de Agricultura
041 _a(Pt)
072 _aF22
100 1 _aBrunini, O.
100 1 _aGrohmann, F.
100 1 _aBenincasa, M.
245 1 _aVariacao estacional do armazenamento e das perdas de agua em unidades de solos do estado de Sao Paulo, 1: Latossolo roxo e latossolo vermelho escuro, fase arenosa [Brasil]
650 _aFisica do solo
650 _aAgua do solo
650 _aSolo
650 _aUmidade do solo
650 _aSao Paulo
773 0 _tCientifica (Brazil)
_xISSN 0100-0039
_g(1977), v. 4 p. 119-123
_wBR7702208
909 _a202311
_bLúcia
_c55
_dLúcia Elande
942 _2AGRIS
_n0
_cANA
999 _c96860
_d96860